000 00719nam a2200289Ia 4500
005 20260324140100.0
008 008 260324s9999 xx 000 0 eng d
020 _a9781315052236
037 _aEBOOK
040 _aCRL
040 _beng
040 _cCRL
041 _2eng
041 _aeng
084 _qCRL
100 _aSeana McGovern
_91203060
245 0 _aEducation, Modern Development, and Indigenous Knowledge
245 3 _bAn Analysis of Academic Knowledge Production
260 _bTaylor and Francis
260 _c1999
365 _a
365 _b240
856 _uhttp://www.taylorfrancis.com/books/9781315052236
942 _cEBOOK
999 _c1804739
_d1804739